000 00399nam a2200157 a 4500
005 20140414132054.0
008 121029s19uu xx 00 eng d
020 _a9833199542
050 _aER
_bB368
245 _aThe Bear and the bees and other stories.
260 _aMalaysia :
_bKiddibird Sdn.Bhd.
300 _a16
440 _aFables of aesop series
650 _aFables.
999 _c114275
_d114275